Dinge die mit S anfangen (Kenshin Edition) - Statistiken

Allgemein
  • Dieses Quiz wurde 224 mal gespielt
  • Das Durchschnittsergebnis liegt bei 11 aus 16
Antwortstatistiken
Bildquiz Antwort % Korrekt
Schweden
99%
Schokolade
98%
Spaghetti
97%
Spanien
97%
Skorpion
96%
Saarland
89%
Salamander
89%
Südafrika
87%
Singapur
77%
Seekuh
67%
Shanghai
59%
Sake
57%
Sumatra
36%
Schülerin
31%
Sapporo
26%
Shiitake
16%
Keine übereinstimmenden Quizze gefunden
Verteilung der Resultate
Anzahl Personen mit jedem Resultat
Perzentil nach korrekt beantworteten Fragen
Ihre Resultats-Entwicklung
Sie haben dieses Quiz noch nicht gespielt